LEADER 03091nam 2200673Ia 450 001 9910451151103321 005 20200520144314.0 010 $a1-281-36876-8 010 $a9786611368760 010 $a1-4039-8060-8 024 7 $a10.1057/9781403980601 035 $a(CKB)1000000000342600 035 $a(EBL)307719 035 $a(OCoLC)647536950 035 $a(SSID)ssj0000133258 035 $a(PQKBManifestationID)11145740 035 $a(PQKBTitleCode)TC0000133258 035 $a(PQKBWorkID)10045154 035 $a(PQKB)11239961 035 $a(DE-He213)978-1-4039-8060-1 035 $a(MiAaPQ)EBC307719 035 $a(Au-PeEL)EBL307719 035 $a(CaPaEBR)ebr10135642 035 $a(CaONFJC)MIL136876 035 $a(EXLCZ)991000000000342600 100 $a20051129d2005 uy 0 101 0 $aeng 135 $aur|n|---||||| 181 $ctxt 182 $cc 183 $acr 200 10$aCuba's military 1990-2005$b[electronic resource] $eRevolutionary soldiers during counter-revolutionary times /$fHal Klepak 205 $a1st ed. 2005. 210 $aNew York, N.Y. $cPalgrave MacMillan$dc2005 215 $a1 online resource (353 p.) 225 1 $aStudies of the Americas 300 $aDescription based upon print version of record. 311 $a1-349-53336-X 311 $a1-4039-7202-8 320 $aIncludes bibliographical references (p. [315]-332) and index. 327 $aCover; Contents; Acknowledgments; Avant Propos; Chapter 1 Mambises Still? The Revolutionary Tradition in the Cuban Armed Forces; Chapter 2 The FAR up to the Special Period, 1959-1990: The Third World's Most Impressive Armed Force?; Chapter 3 The Blows: The FAR Alone in a Cruel World; Chapter 4 "The Proof is in the Pudding": The FAR and the Economy; Chapter 5 The FAR and the United States: Confidence Building in Limited but Important Sectors; Chapter 6 Cuba, the FAR, and Other Countries: Has the Search for Friends Brought Results?; Chapter 7 The Context for the FAR at Home-Malaise sans fin? 327 $aChapter 8 The FAR and the Politics of "No Transition": But Who Else?Chapter 9 The Military Defense of Cuba: But Can the FAR still Deter?; Chapter 10 Conclusion; Notes; Bibliography; Index 330 $aThis book is the first examination of the Cuban military in the context of Cuba's political and economic challenges in the aftermath of the collapse of the USSR - and therefore of Soviet economic, political and psychological support. It provides important historical and political contexts of the development and engagement of the military. 410 0$aStudies of the Americas. 606 $aArmed Forces 607 $aCuba$xHistory, Military 607 $aCuba$xArmed Forces$xHistory 608 $aElectronic books. 615 0$aArmed Forces. 676 $a327.7291 676 $a355.0097291/09049 700 $aKlepak$b H. P$0985958 801 0$bMiAaPQ 801 1$bMiAaPQ 801 2$bMiAaPQ 906 $aBOOK 912 $a9910451151103321 996 $aCuba's military 1990-2005$92253555 997 $aUNINA LEADER 03553nam 2200565 450 001 9910798992303321 005 20230327051304.0 010 $a1-4426-5477-5 010 $a1-4426-5286-1 024 7 $a10.3138/9781442652866 035 $a(CKB)3710000000921738 035 $a(DE-B1597)479392 035 $a(OCoLC)992489781 035 $a(DE-B1597)9781442652866 035 $a(Au-PeEL)EBL4730263 035 $a(CaPaEBR)ebr11292424 035 $a(OCoLC)962450053 035 $a(MiAaPQ)EBC4730263 035 $a(OCoLC)1374035173 035 $a(MdBmJHUP)musev2_107435 035 $a(EXLCZ)993710000000921738 100 $a20161110e19711962 uy 0 101 0 $aeng 135 $aurcnu|||||||| 181 $2rdacontent 182 $2rdamedia 183 $2rdacarrier 200 14$aThe developing Canadian community /$fS. D. Clark 205 $aSecond edition. 210 1$aToronto :$cUniversity of Toronto Press,$d1971. 210 4$dİ1962 215 $a1 online resource (xiv, 313 pages) $cillustrations 225 1 $aCanadian University Paperbooks 311 0 $a0-8020-6114-1 327 $tFrontmatter --$tPreface --$tPreface to the Second Edition --$tContents --$tIntroduction --$tPart I. The Frontier in the Social Development of Canada --$tChapter I. Social Organization and the Changing Structure of the Community --$tChapter II. The Farmmg-Fur-Trade Society of New France --$tChapter III. The Rural Village Society of the Maritimes --$tChapter IV. The Backwoods Society of Upper Canada --$tChapter V. The Gold-Rush Society of British Columbia and the Yukon --$tChapter VI. The Prairie Wheat-Farming Frontier and the New Industrial City --$tPart II. Religious Organization in the Development of the Canadian Community --$tChapter VII. Religious Organization and the Rise of the Canadian Nation, 1850-85 --$tChapter VIII. The Religious Sect in Canadian Politics --$tChapter IX. The Religious Sect in Canadian Economic Development --$tChapter X. The Religious Influence in Canadian Society --$tPart III. Formative Influences in the Development of the Canadian Society --$tChapter XI. The Canadian Community and the American Continental System --$tChapter XII. Education and Social Change in Canada --$tChapter XIII. The Frontier in the Development of the Canadian Political Community --$tChapter XIV. Canada and Her Great Neighbour --$tChapter XV. Canada and the American Value System --$tChapter XVI. The Limitations of Capitalist Enterprise in Canadian Society --$tChapter XVII. Higher Education and the New Men of Power in Society --$tPart IV. Sociology and History --$tChapter XVIII. Sociology, History, and the Problem of Social Change --$tChapter XIX. Sociology, History, and the Problem of Social Change --$tChapter XX. Social Change and the Community --$tChapter XXI. Comparative Sociological Analysis and the Problem of Social Change 330 $aCollection of papers and essays concerning the development of Canadian society. Includes a chapter on the gold rush society of British Columbia and the Yukon. 410 0$aCanadian university paperbooks. 606 $aSocial conditions$2fast$3(OCoLC)fst01919811 607 $aCanada$xSocial conditions 608 $aElectronic books. 615 7$aSocial conditions 676 $a309.171 700 $aClark$b S. D$g(Samuel Delbert),$f1910-2003$01171921 801 0$bMiAaPQ 801 1$bMiAaPQ 801 2$bMiAaPQ 906 $aBOOK 912 $a9910798992303321 996 $aThe developing Canadian community$93759461 997 $aUNINA LEADER 05208nam 22005775 450 001 9910996491203321 005 20250413023442.0 010 $a9783662687109 010 $a3662687100 024 7 $a10.1007/978-3-662-68710-9 035 $a(MiAaPQ)EBC32007489 035 $a(Au-PeEL)EBL32007489 035 $a(CKB)38379896200041 035 $a(DE-He213)978-3-662-68710-9 035 $a(EXLCZ)9938379896200041 100 $a20250413d2025 u| 0 101 0 $aeng 135 $aurcnu|||||||| 181 $ctxt$2rdacontent 182 $cc$2rdamedia 183 $acr$2rdacarrier 200 10$aAnalytical Chemistry II /$fby Ulf Ritgen 205 $a1st ed. 2025. 210 1$aBerlin, Heidelberg :$cSpringer Berlin Heidelberg :$cImprint: Springer,$d2025. 215 $a1 online resource (554 pages) 311 08$a9783662687093 311 08$a3662687097 327 $aI Molecular spectroscopy -- General -- Mass spectrometry (MS) -- Nuclear magnetic resonance spectroscopy (NMR) -- II Electroanalytical methods -- General -- Potentiometry -- Coulometry -- Amperometry -- Voltammetry -- III Other analytical methods -- Gravimetric analysis -- Thermal methods -- Use of radioactive nuclides -- Fluorescence methods -- IV Sensors and automation techniques -- General information on sensors -- Electrochemical sensors -- Optical sensors (optodes) -- Flow injection analysis (FIA) -- V Statistics -- Experimental errors -- Statistical errors -- Gaussian error propagation -- Measured value distribution -- Parameter estimates -- Method validation -- Outlier tests -- Glossary. 330 $aThis workbook leads through the successful textbook Skoog/Holler/Crouch, Instrumentelle Analytik and is designed primarily for self-study. In five parts, the lecture content of more advanced analytical chemistry is summarized and explained using selected examples: Mass spectrometry and nuclear magnetic resonance spectroscopy deal with the investigation of molecules, and numerous electroanalytical methods such as potentiometry, coulometry, amperometry and voltammetry are also covered. An overview of more specialized analytical methods includes the use of radioactive substances and various fluorescence methods, as well as methods of information acquisition in the increasingly important electrochemical and optical sensor technology and their automation. The course concludes with a summary of various principles and application methods of statistics, which are simply indispensable in the context of analytics. In order to facilitate independent learning, references to essential sections and illustrations of the textbook are made throughout the book. This book is a translation of the original German 1st edition Analytische Chemie II by Ulf Ritgen, published by Springer-Verlag GmbH Germany, part of Springer Nature in 2020. The translation was done with the help of artificial intelligence (machine translation by the service DeepL.com). A subsequent human revision was done primarily in terms of content, so that the book will read stylistically differently from a conventional translation. Springer Nature works continuously to further the development of tools for the production of books and on the related technologies to support the authors. Not least because of the numerous examples, the book, which is aimed at students of chemistry or related scientific subjects, provides an easy-to-understand introduction to more complex aspects of analytical chemistry. In direct continuation of the workbook Analytical Chemistry I, references are made again and again to already known basics from other courses, which facilitate the linking of the familiar and the new. Learning with this workbook has been tested in a distance learning chemistry course and facilitates preparation for module examinations in more advanced analytical chemistry. The Author: Ulf Ritgen teaches general chemistry, analytical chemistry, inorganic chemistry, and biochemistry at the Bonn-Rhein-Sieg University of Applied Sciences and the ZVA-Bildungszentrum Dormagen. He is the author of several textbooks and exercise books, including the associated first volume Analytical Chemistry I. This book is a translation of an original German edition. The translation was done with the help of artificial intelligence (machine translation by the service DeepL.com). A subsequent human revision was done primarily in terms of content, so that the book will read stylistically differently from a conventional translation. . 606 $aSpectrum analysis 606 $aMass spectrometry 606 $aAnalytical chemistry 606 $aSpectroscopy 606 $aMass Spectrometry 606 $aAnalytical Chemistry 615 0$aSpectrum analysis. 615 0$aMass spectrometry. 615 0$aAnalytical chemistry. 615 14$aSpectroscopy. 615 24$aMass Spectrometry. 615 24$aAnalytical Chemistry. 676 $a543 700 $aRitgen$b Ulf$01585474 701 $aOligschleger$b Christina$01815255 801 0$bMiAaPQ 801 1$bMiAaPQ 801 2$bMiAaPQ 906 $aBOOK 912 $a9910996491203321 996 $aAnalytical Chemistry II$94370000 997 $aUNINA